Statistics for Dutch Eredivisie Updated 2015/16

Click here to take the quiz!

General Stats

  • This quiz has been taken 36 times
  • The average score is 15 of 18

Answer Stats

Team% Correct
AFC Ajax
100%
Feyenoord Rotterdam
100%
PSV Eindhoven
100%
FC Twente
94%
FC Utrecht
94%
FC Groeningen
90%
SBV Vitesse
87%
AZ Alkmaar
84%
SC Heerenveen
84%
NEC Nijmegen
81%
Willem II
77%
Ado den Haag
74%
PEC Zwolle
74%
Roda JC Kerkrade
74%
Heracles Almelo
71%
SC Cambuur
71%
SBV Excelsior
68%
De Graafschap
55%

Score Distribution

Percentile by Number Answered

Percent of People with Each Score

Your Score History

You have not taken this quiz